| 000 | 00501nam a2200145 i 4500 | ||
|---|---|---|---|
| 001 | 59206 | ||
| 003 | ES-MaACL | ||
| 005 | 20230906164003.0 | ||
| 007 | t| | ||
| 008 | 031028s1954 uy ||||1| spa d | ||
| 245 | 0 | 3 |
_aLa embajada británica y Gibraltar _b: reseña de la polémica sostenida por la representación diplomática inglesa en la prensa uruguaya y sus derivaciones. |
| 260 |
_aMontevideo : _bFlorensa y Lafon, _c1954. |
||
| 300 |
_a43 p. ; _c23 cm. |
||
| 852 |
_aES-MaACL _j1509-F-6 _bR.35843 |
||
| 999 |
_c59206 _d59206 |
||